[Event "Thessaloniki ol (Men)"]
[Site "Thessaloniki"]
[Date "1988.??.??"]
[Round "11"]
[White "Ye Jiangchuan"]
[Black "Donchev, Dimitar I"]
[Result "1/2-1/2"]
[WhiteElo "2505"]
[BlackElo "2495"]

1.e4 Nf6 2.e5 Nd5 3.d4 d6 4.Nf3 dxe5 5.Nxe5 g6 6.Bc4 c6 7.O-O Bg7 8.Re1 O-O
9.Bb3 Be6 10.c3 a5 11.Nd2 Nd7 12.Nef3 Bf5 13.Nh4 Be6 14.a3 Nc7 15.Ne4 Bxb3
16.Qxb3 b5 17.a4 Nb6 18.axb5 cxb5 19.Nf3 Qd5 20.Qc2 Ne6 21.Nfg5 Nxg5 22.Bxg5 Rfe8
23.Re2 h6 24.Bf4 a4 25.Rae1 Nc4 26.h3 Rec8 27.Ng3 e6 28.Ne4 Qf5 29.Bc1 g5
30.f4 g4 31.hxg4 Qxg4 32.Qd3 Rd8 33.Rf2 Rd5 34.Rf3 Kh8 35.Rh3 Rh5 36.Nf2 Rxh3
37.Qe4 Rh1+ 38.Kxh1 Qh5+ 39.Kg1 Rd8 40.Nd3 Rd5 41.Nb4 Rf5 42.Rf1 Bf8 43.Nd3 Rd5
44.Rf3 Qg4 45.Qe1 Rf5 46.Nf2 Qg6 47.Ne4 Nd6 48.Rg3 Qh7 49.Nxd6 Bxd6 50.c4 bxc4
51.Qc3 Rf6 52.Qa5 Rg6 53.Rxg6 Qxg6 54.Qd8+ Kh7 55.Qxd6 Qb1 56.f5 Qxc1+ 57.Kh2 Qe3
58.Qc7 Kg7 59.Qxc4 Qf4+ 60.Kg1 Qxf5 61.Qxa4 Qb1+ 62.Kh2 Qxb2 63.Qd1 Qb5 64.Qg4+ Qg5
65.Qe4 h5 66.Kg1 Qg4 67.Qe5+ f6 68.Qe3 h4 69.Kh1 Kg6 70.Qd3+ f5 71.Qb5 Qe4
72.Qe8+ Kg5 73.Qe7+ Kf4 74.Qxh4+ Ke3 75.Qe1+ Kxd4 76.Qb4+ Kd3 77.Qb5+ Ke3
78.Qb6+ Kf4 79.Qd6+ Kg5 80.Qc7 Qd4 81.Qg3+ Kh5 82.Qg8 Qf6 83.g3 Kh6 84.Kg2 e5
85.Qe8 e4 86.g4 Qb2+ 87.Kg3 Qc3+ 88.Kf4 Qf3+ 89.Ke5 Qxg4 90.Qh8+ Kg6 91.Qf8 Kh5
92.Qh8+ Kg5 93.Qf6+  1/2-1/2

[Event "Kuala Lumpur zt"]
[Site "Kuala Lumpur"]
[Date "1990.??.??"]
[Round "?"]
[White "Lim, Jeremy"]
[Black "Ye Jiangchuan"]
[Result "1/2-1/2"]
[WhiteElo "2365"]
[BlackElo "2530"]

1.c4 Nf6 2.Nc3 g6 3.e4 d6 4.d4 Bg7 5.Be2 O-O 6.Bg5 Nbd7 7.Qd2 e5 8.d5 Nc5
9.f3 Qd7 10.b4 Na6 11.a3 Nh5 12.g3 f5 13.Rc1 Qf7 14.Bh6 Nf6 15.Bxg7 Qxg7
16.Bd3 Nb8 17.Nge2 fxe4 18.Nxe4 Nxe4 19.Bxe4 Nd7 20.O-O Nf6 21.Nc3 Bh3 22.Rf2 Rf7
23.Qe3 Raf8 24.Rcc2 a6 25.c5 Kh8 26.cxd6 cxd6 27.Qb6 Qh6 28.Nd1 Kg8 29.Qe3 Qh5
30.Qe1 Nxe4 31.fxe4 Rf3 32.Rxf3 Rxf3 33.Nf2 Rf7 34.Nxh3 Qxh3 35.Qc1 Qd7 36.Rf2 Qd8  1/2-1/2

[Event "Kuala Lumpur zt"]
[Site "Kuala Lumpur"]
[Date "1990.??.??"]
[Round "?"]
[White "Ye Jiangchuan"]
[Black "Liang Jinrong"]
[Result "1-0"]
[WhiteElo "2530"]
[BlackElo "2455"]

1.e4 c5 2.Nf3 e6 3.d4 cxd4 4.Nxd4 a6 5.Bd3 Nf6 6.O-O d6 7.c4 Be7 8.Nc3 b6
9.b3 Bb7 10.Bb2 Nc6 11.Nxc6 Bxc6 12.Qe2 O-O 13.Kh1 Qc7 14.f4 Rad8 15.Rad1 Bb7
16.Bb1 Nd7 17.Rd3 Bf6 18.Rfd1 Nc5 19.Rh3 e5 20.Qh5 h6 21.Nd5 Bxd5 22.exd5 Qe7
23.fxe5 dxe5 24.Rf1 Rd6 25.Rhf3 Re8 26.b4 Nd7 27.Be4 Qd8 28.Rg3 Kf8 29.Bc1 a5
30.Rxg7 Kxg7 31.Qxh6+  1-0

[Event "Kuala Lumpur zt"]
[Site "Kuala Lumpur"]
[Date "1990.??.??"]
[Round "?"]
[White "Ye Jiangchuan"]
[Black "Carless, David"]
[Result "1/2-1/2"]
[WhiteElo "2530"]
[BlackElo "2270"]

1.e4 c5 2.Nf3 d6 3.d4 cxd4 4.Nxd4 Nf6 5.Nc3 g6 6.Be3 Bg7 7.f3 Nc6 8.Qd2 O-O
9.O-O-O d5 10.Qe1 e5 11.Nxc6 bxc6 12.exd5 cxd5 13.Bg5 Be6 14.Bc4 Rb8 15.Bxd5 Qb6
16.Bb3 Rfc8 17.Kb1 a5 18.Bc1 Rc6 19.g4 Rbc8 20.g5 Nh5 21.Nd5 Bxd5 22.Rxd5 Nf4
23.Rd7 Ne6 24.Be3 Qb8 25.Ba7 Qb5 26.a4 Qa6 27.Qd2 Rf8 28.Rd1 Nc5 29.Bxc5 Rxc5
30.Rxf7 Rxf7 31.Qd7 Rc4 32.Qd3  1/2-1/2

[Event "Novi Sad ol (Men)"]
[Site "Novi Sad"]
[Date "1990.??.??"]
[Round "1"]
[White "Ye Jiangchuan"]
[Black "Cifuentes Parada, Roberto"]
[Result "0-1"]
[WhiteElo "2520"]
[BlackElo "2480"]

1.e4 c5 2.Nf3 d6 3.d4 cxd4 4.Nxd4 Nf6 5.Nc3 Nc6 6.Bg5 Bd7 7.f4 Rc8 8.Nf3 Qb6
9.Qd2 Ng4 10.Bb5 h6 11.Bh4 Qe3+ 12.Qe2 Nb4 13.Bxd7+ Kxd7 14.Kf1 Qxe2+ 15.Kxe2 Nxc2
16.Rac1 Nb4 17.Rhd1 g5 18.Bg3 gxf4 19.Bxf4 h5 20.e5 Bh6 21.Bxh6 Nxh6 22.exd6 exd6
23.a3 Na6 24.Ne5+ Ke6 25.Nd3 Ng4 26.h3 Ne5 27.Nf4+ Kd7 28.Nb5 Rxc1 29.Rxc1 Ng6
30.Nd5 Re8+ 31.Kf3 Re5 32.Rd1 Ke6 33.Ndc3 d5 34.Nxa7 Rf5+ 35.Kg3 h4+ 36.Kh2 Rf2
37.Re1+ Ne5 38.Nab5 f6 39.Nd4+ Kd6 40.Nce2 Nc7 41.b4 Ne6 42.Nxe6 Nf3+ 43.Kh1 Nxe1  0-1

[Event "Novi Sad ol (Men)"]
[Site "Novi Sad"]
[Date "1990.??.??"]
[Round "2"]
[White "Khechen, Nabil E"]
[Black "Ye Jiangchuan"]
[Result "1/2-1/2"]
[WhiteElo "2250"]
[BlackElo "2520"]

1.Nf3 Nf6 2.c4 g6 3.Nc3 Bg7 4.g3 O-O 5.Bg2 d5 6.cxd5 Nxd5 7.O-O Nc6 8.Nxd5 Qxd5
9.d3 Qb5 10.Rb1 a5 11.Bf4 e5 12.Be3 a4 13.Nd2 Nb4 14.Ne4 Nxa2 15.Ra1 Be6
16.Qb1  1/2-1/2

[Event "Novi Sad ol (Men)"]
[Site "Novi Sad"]
[Date "1990.??.??"]
[Round "8"]
[White "Ye Jiangchuan"]
[Black "Arnason, Jon L"]
[Result "0-1"]
[WhiteElo "2520"]
[BlackElo "2540"]

1.e4 c5 2.Nf3 d6 3.d4 cxd4 4.Nxd4 Nf6 5.Nc3 a6 6.Be3 e6 7.Be2 Be7 8.O-O Qc7
9.a4 Nc6 10.f4 O-O 11.Kh1 Re8 12.Qd2 Na5 13.Rae1 b6 14.Bd3 Bb7 15.e5 dxe5
16.fxe5 Qxe5 17.Bf4 Qc5 18.Be5 Nc4 19.Bxc4 Qxc4 20.Qg5 Rad8 21.b3 Qc5 22.Ne4 Bxe4
23.Rxe4 h6 24.Qg3 Rd5 25.Nf5 Nh5 26.Nxe7+ Qxe7 27.Qf2 f5 28.Ree1 b5 29.c4 bxc4
30.bxc4 Rc5 31.h3 Rxc4 32.Qe2 Qh4 33.Qd3 Rd8 34.Qb3 Kh7 35.Kh2 Rd2 36.Qe3 Rcc2
37.Rg1 Rf2 38.Bd6 f4 39.Qe4+ g6 40.Qb7+ Kg8 41.Qa8+ Kh7 42.Qb7+ Ng7 43.Qb3 f3
44.Kh1 Qh5 45.Re3 Rb2 46.Qc3 Rfc2 47.Qf6 f2 48.Rf1 Qf5 49.Be5 Qxf6 50.Bxf6 Ra2
51.Bxg7 Kxg7 52.Rxe6 Rxa4 53.g4 Rca2 54.Kg2 Rf4 55.Rb6 Rf6 56.Rb7+ Rf7 57.Rb6 Rf6
58.Rb7+ Rf7 59.Rb6 g5 60.Rc6 Rf6 61.Rc7+ Rf7 62.Rxf7+ Kxf7 63.Rb1 a5 64.Rb6 Kg7
65.Rb7+ Kf6 66.Rb6+ Ke5 67.Rxh6 a4 68.Rg6 Kf4 69.Rf6+ Ke4 70.Re6+ Kd4 71.Re8 f1=Q+
72.Kxf1 a3 73.Ra8 Ke4 74.Ke1 Kf4 75.Kd1 Kg3 76.Ra5 Kh4 77.Kc1 Ra1+ 78.Kc2 a2
79.Kb2 Rh1 80.Kxa2 Rxh3 81.Kb2 Kxg4 82.Kc2 Re3 83.Kd2 Re8 84.Ra1 Kf3  0-1

[Event "Novi Sad ol (Men)"]
[Site "Novi Sad"]
[Date "1990.??.??"]
[Round "12"]
[White "Ye Jiangchuan"]
[Black "Ftacnik, Lubomir"]
[Result "1/2-1/2"]
[WhiteElo "2520"]
[BlackElo "2550"]

1.e4 d6 2.d4 Nf6 3.Nc3 g6 4.Nf3 Bg7 5.Be2 O-O 6.O-O Bg4 7.Be3 Nc6 8.d5 Bxf3
9.Bxf3 Ne5 10.Be2 c6 11.a4 Qa5 12.Ra3 Ned7 13.Qd2 Rfc8 14.Rb1 Qc7 15.a5 a6
16.Rd1 Nc5 17.f3 Ncd7 18.Bf1 h5  1/2-1/2

[Event "Novi Sad ol (Men)"]
[Site "Novi Sad"]
[Date "1990.??.??"]
[Round "13"]
[White "Ye Jiangchuan"]
[Black "Yrjola, Jouni"]
[Result "1/2-1/2"]
[WhiteElo "2520"]
[BlackElo "2510"]

1.e4 c5 2.Nf3 Nc6 3.d4 cxd4 4.Nxd4 g6 5.c4 Nf6 6.Nc3 d6 7.Be2 Nxd4 8.Qxd4 Bg7
9.Bg5 O-O 10.Qe3 Be6 11.O-O Qb6 12.Qd2 Rfc8 13.b3 Qa5 14.Rac1 a6 15.Bd3 b5
16.Nd5 Qxd2 17.Bxd2 Nxd5 18.cxd5 Bd7 19.Rxc8+ Rxc8 20.Rc1 Rxc1+ 21.Bxc1 f5
22.Kf1 Kf7 23.Ke2 Bc3 24.Bh6 Kf6 25.h4 Bd4 26.g3 fxe4 27.Bxe4 Bf5 28.f3 Bxe4
29.fxe4 e6 30.Bg5+ Kf7 31.Bf4 Ke7 32.Kf3 h5  1/2-1/2

[Event "CHN-CIS"]
[Site "Beijing"]
[Date "1991.??.??"]
[Round "?"]
[White "Ambarcumjan, Armen"]
[Black "Ye Jiangchuan"]
[Result "0-1"]
[WhiteElo "2345"]
[BlackElo "2545"]

1.d4 Nf6 2.Nf3 g6 3.c4 Bg7 4.Nc3 O-O 5.e4 d6 6.Be2 e5 7.O-O Nc6 8.d5 Ne7
9.Nd2 a5 10.a3 Nd7 11.Rb1 f5 12.b4 Kh8 13.Qc2 Ng8 14.exf5 gxf5 15.f4 axb4
16.axb4 Ne7 17.Nf3 e4 18.Ne1 Nf6 19.Be3 c6 20.dxc6 bxc6 21.Qd2 Qc7 22.Nc2 Be6
23.Ra1 Rfd8 24.Rxa8 Rxa8 25.Rd1 Ne8 26.c5 dxc5 27.Bxc5 Ng6 28.g3 Qf7 29.Nd4 Bd7
30.Qc2 Nf6 31.Qb3 Qe8 32.Bc4 Nxf4 33.gxf4 Qg6+ 34.Kh1 Ng4 35.Ne6 Bxe6 36.Bxe6 e3
37.Ne4 fxe4 38.Bxg4 Qxg4 39.Bxe3 Qf3+ 40.Kg1 Bf6 41.Rf1 Qg4+ 42.Kh1 Qh3 43.Qc4 Qxe3
44.Qxc6 Rf8 45.Qc5 Qxc5 46.bxc5 Bc3 47.Rc1 Bd2 48.Rc4 Re8  0-1

[Event "CHN-CIS"]
[Site "Beijing"]
[Date "1991.??.??"]
[Round "?"]
[White "Lputian, Smbat G"]
[Black "Ye Jiangchuan"]
[Result "1-0"]
[WhiteElo "2570"]
[BlackElo "2545"]

1.d4 Nf6 2.c4 g6 3.Nc3 Bg7 4.e4 d6 5.Nf3 O-O 6.Be2 e5 7.O-O Nc6 8.d5 Ne7
9.Nd2 a5 10.a3 Nd7 11.Rb1 f5 12.b4 Kh8 13.Qc2 Ng8 14.exf5 gxf5 15.f4 exf4
16.Nf3 Ne5 17.Bxf4 Nxf3+ 18.Bxf3 axb4 19.axb4 Bd7 20.Kh1 Ra3 21.Rb3 Rxb3
22.Qxb3 Qf6 23.Ne2 Ra8 24.Be3 Ra1 25.Rg1 Rxg1+ 26.Bxg1 Ne7 27.c5 Qb2 28.Qc4 dxc5
29.Qxc5 Qe5 30.Qa7 b6 31.Qb8+ Ng8 32.g3 Bb5 33.Nf4 Qd6 34.Ne6 Be2 35.Bg2 Bf1
36.Bxf1 Qxd5+ 37.Bg2 Qxe6 38.Qxc7 b5 39.Qb8 Qd7 40.Qa8 Bf6 41.Bc6 Qe7 42.Bd5 Qg7
43.Qb8 Bc3 44.Qxb5 Qe5 45.Qc5  1-0

[Event "CHN-CIS"]
[Site "Beijing"]
[Date "1991.??.??"]
[Round "?"]
[White "Ye Jiangchuan"]
[Black "Ambarcumjan, Armen"]
[Result "1-0"]
[WhiteElo "2545"]
[BlackElo "2345"]

1.e4 c5 2.Nf3 Nc6 3.Bb5 e6 4.O-O Nge7 5.c3 a6 6.Ba4 b5 7.Bc2 Bb7 8.d4 cxd4
9.Nxd4 d5 10.Nxc6 Bxc6 11.e5 Ng6 12.Re1 Bc5 13.Be3 Bxe3 14.Rxe3 Qb6 15.Qg4 Rd8
16.Qd4 Rb8 17.Nd2 b4 18.Qg4 bxc3 19.bxc3 Qd8 20.Nf3 Bd7 21.h4 h5 22.Qg3 Rh6
23.Ng5 Ne7 24.Rae1 Rb6 25.Qf3 Nf5 26.Bxf5 exf5 27.Qxd5 Be6 28.Qa5 Rc6 29.Qa4 Qc7
30.Rd1 Ke7 31.Qa3+ Rc5 32.Red3 Qxe5 33.Re3 Qc7 34.Rd5  1-0

[Event "CHN-CIS"]
[Site "Beijing"]
[Date "1991.??.??"]
[Round "?"]
[White "Ye Jiangchuan"]
[Black "Chekhov, Valery A"]
[Result "1-0"]
[WhiteElo "2545"]
[BlackElo "2525"]

1.e4 c5 2.Nf3 Nc6 3.d4 cxd4 4.Nxd4 Nf6 5.Nc3 e5 6.Ndb5 d6 7.Nd5 Nxd5 8.exd5 Nb8
9.c4 Be7 10.Be2 a6 11.Nc3 O-O 12.O-O f5 13.Rb1 Nd7 14.b4 e4 15.Be3 Bf6 16.Bd4 Be5
17.c5 Qf6 18.Bxe5 Nxe5 19.c6 Nf3+ 20.gxf3 Qxc3 21.Qc1 Qf6 22.f4 Qh4 23.Kh1 Rf6
24.Qe3 Rh6 25.Qg3 Qxg3 26.fxg3 bxc6 27.Bc4 c5 28.bxc5 dxc5 29.Rfc1 Bd7 30.Bb3 Rc8
31.Rc3 a5 32.Bc4 Rd6 33.Rb7 a4 34.Kg2 Be8 35.Ra3 Kf8 36.h3 h5 37.g4 hxg4
38.hxg4 fxg4 39.Kg3 Bd7 40.f5 Bxf5 41.Rxa4 Rcd8 42.Raa7 R6d7 43.a4 Rxb7 44.Rxb7 Ra8
45.d6 g6 46.Rf7+ Ke8 47.Rh7 Ra5 48.Bb5+  1-0

[Event "CHN-CIS"]
[Site "Beijing"]
[Date "1991.??.??"]
[Round "?"]
[White "Ye Jiangchuan"]
[Black "Lputian, Smbat G"]
[Result "1/2-1/2"]
[WhiteElo "2545"]
[BlackElo "2570"]

1.e4 e6 2.d4 d5 3.Nd2 c5 4.exd5 exd5 5.Ngf3 Nc6 6.Bb5 Bd6 7.dxc5 Bxc5 8.O-O Ne7
9.Nb3 Bd6 10.Re1 O-O 11.Bg5 Bg4 12.Bh4 Re8 13.Bg3 Bxg3 14.hxg3 Qb6 15.a4 h5
16.Qd3 Bf5 17.Qd2 a6 18.Bd3 Bxd3 19.Qxd3 g6 20.Qc3 Nf5 21.Qc5 Rxe1+ 22.Rxe1 Qxc5
23.Nxc5 b5 24.Ne5 Rc8 25.Ned7 bxa4 26.Nb6 Rb8 27.Ncd7 Rb7 28.Nf6+ Kg7 29.Nfxd5 Nb4
30.Ra1 Nxd5 31.Nxd5 Rxb2 32.Rxa4 Rb1+ 33.Kh2 Rf1 34.f3 Rf2 35.g4  1/2-1/2

[Event "CHN-CIS"]
[Site "Beijing"]
[Date "1991.??.??"]
[Round "?"]
[White "Ye Jiangchuan"]
[Black "Lputian, Smbat G"]
[Result "0-1"]
[WhiteElo "2545"]
[BlackElo "2570"]

1.e4 c5 2.Nf3 Nc6 3.d4 cxd4 4.Nxd4 e5 5.Nb5 d6 6.c4 Be7 7.N1c3 a6 8.Na3 Be6
9.Be2 Nd4 10.Be3 Nxe2 11.Qxe2 Nf6 12.O-O O-O 13.f3 Rc8 14.Rfd1 h6 15.Rac1 Qa5
16.Qd2 Kh7 17.Nd5 Qxd2 18.Bxd2 Bd8 19.Bb4 Ne8 20.Kh1 f5 21.exf5 Bxf5 22.Ne3 Bg6
23.Bxd6 Nxd6 24.Rxd6 Bg5 25.Re1 e4 26.Ng4 Rce8 27.Rdd1 exf3 28.gxf3 Rxf3
29.Ne5 Rf2 30.Nxg6 Rxe1+ 31.Rxe1 Kxg6 32.Rg1 Kf5 33.c5 Rxb2 34.Nc4 Rxa2 35.Nd6+ Ke6
36.Nxb7 Kd5 37.Rd1+ Kc6 38.Rb1 Bf4 39.h3 Bc7  0-1

[Event "Beijing op"]
[Site "Beijing"]
[Date "1991.??.??"]
[Round "4"]
[White "Ye Jiangchuan"]
[Black "Vyzmanavin, Alexey"]
[Result "1-0"]
[WhiteElo "2515"]
[BlackElo "2605"]

1.e4 c5 2.Nf3 e6 3.d4 cxd4 4.Nxd4 a6 5.Nc3 Qc7 6.Be2 b5 7.O-O Bb7 8.Re1 Nc6
9.Bf1 Nf6 10.Nxc6 Qxc6 11.e5 b4 12.Ne2 Nd5 13.a3 bxa3 14.b3 Bb4 15.c4 Nc3
16.Nxc3 Bxc3 17.Bxa3 h5 18.Qc1 Bxa1 19.Qg5 f6 20.Qg6+ Kd8 21.Rxa1 fxe5 22.Qxg7 Kc7
23.Qxe5+ d6 24.Qg7+ Qd7 25.Bxd6+ Kc6 26.Qxd7+ Kxd7 27.Be5 Rhg8  1-0

[Event "Beijing op"]
[Site "Beijing"]
[Date "1991.??.??"]
[Round "7"]
[White "Ye Jiangchuan"]
[Black "Namgilov, Sogto"]
[Result "1-0"]
[WhiteElo "2515"]
[BlackElo "2445"]

1.e4 c6 2.d4 d5 3.Nd2 dxe4 4.Nxe4 Bf5 5.Ng3 Bg6 6.Nf3 Nd7 7.h4 h6 8.h5 Bh7
9.Bd3 Bxd3 10.Qxd3 Ngf6 11.Bf4 Qa5+ 12.Bd2 Qc7 13.O-O-O e6 14.Qe2 O-O-O 15.Ne5 Nxe5
16.dxe5 Nd5 17.Rh4 Kb8 18.Rg4 Qb6 19.Ne4 Rd7 20.a3 Bc5 21.Nxc5 Qxc5 22.Bb4 Qb6
23.c4 Qa6 24.Qf3 f5 25.exf6 Nxf6 26.Rxd7 Nxd7 27.Qf7 c5 28.Bc3 Qd6 29.Rxg7 Rd8
30.Qe7 Qf4+ 31.Kb1 Qf5+ 32.Ka1 Kc8 33.g4  1-0

[Event "Budapest ExpFS"]
[Site "Budapest"]
[Date "1992.??.??"]
[Round "?"]
[White "Ye Jiangchuan"]
[Black "Adorjan, Andras"]
[Result "1/2-1/2"]
[WhiteElo "2545"]
[BlackElo "2550"]

1.e4 c6 2.d4 d5 3.Nd2 dxe4 4.Nxe4 Nd7 5.Bc4 Ngf6 6.Ng5 e6 7.Qe2 Nb6 8.Bb3 h6
9.N5f3 c5 10.Bf4 Nbd5 11.Be5 Qa5+ 12.Nd2 b5 13.dxc5 Bxc5 14.Nf3 O-O 15.O-O  1/2-1/2

[Event "Budapest ExpFS"]
[Site "Budapest"]
[Date "1992.??.??"]
[Round "?"]
[White "Xie Jun"]
[Black "Ye Jiangchuan"]
[Result "0-1"]
[WhiteElo "2480"]
[BlackElo "2545"]

1.e4 c5 2.Nf3 d6 3.d4 cxd4 4.Nxd4 Nf6 5.Nc3 a6 6.f4 e6 7.Be2 Qc7 8.O-O Be7
9.Kh1 O-O 10.Qe1 b5 11.Bf3 Bb7 12.e5 Ne8 13.f5 dxe5 14.fxe6 Bxf3 15.exf7+ Rxf7
16.Nxf3 Nd7 17.Bg5 Bf8 18.a3 Nd6 19.Nd2 Re8 20.Rxf7 Nxf7 21.Nde4 Nb6 22.Qg3 Nxg5
23.Qxg5 Be7 24.Qg4 Qc4 25.h3 Rf8 26.Kh2 g6 27.Re1 Qc6 28.Qd1 Rd8 29.Qc1 Nc4
30.Re2 Rd4 31.Kh1 a5 32.Nf2 Nd6 33.Rxe5 Nf5 34.Qe1 b4 35.axb4 axb4 36.Nb5 Rf4
37.Kh2 Bh4 38.Na7 Qd7 39.Ne4 Qxa7 40.Qxb4 Bg3+  0-1

[Event "Budapest ExpFS"]
[Site "Budapest"]
[Date "1992.??.??"]
[Round "?"]
[White "Lukacs, Peter"]
[Black "Ye Jiangchuan"]
[Result "1/2-1/2"]
[WhiteElo "2455"]
[BlackElo "2545"]

1.d4 Nf6 2.c4 g6 3.Nc3 Bg7 4.e4 d6 5.Nf3 O-O 6.Be2 e5 7.O-O Nc6 8.d5 Ne7
9.Nd2 a5 10.a3 Nd7 11.Rb1 f5 12.b4 Kh8 13.f3 Ng8 14.Qc2 Ngf6 15.Bd3 f4 16.Bb2 Ne8
17.Be2 h5 18.c5  1/2-1/2

[Event "Budapest ExpFS"]
[Site "Budapest"]
[Date "1992.??.??"]
[Round "?"]
[White "Csom, Istvan"]
[Black "Ye Jiangchuan"]
[Result "1/2-1/2"]
[WhiteElo "2540"]
[BlackElo "2545"]

1.c4 Nf6 2.Nf3 g6 3.d4 Bg7 4.g3 O-O 5.Bg2 d5 6.Nbd2 Na6 7.O-O c5 8.dxc5 Nxc5
9.Nb3 Nxb3 10.Qxb3 dxc4 11.Qxc4 Be6 12.Qb5  1/2-1/2

[Event "Helsinki op"]
[Site "Helsinki"]
[Date "1992.??.??"]
[Round "5"]
[White "Ye Jiangchuan"]
[Black "Van Wely, Loek"]
[Result "0-1"]
[WhiteElo "2545"]
[BlackElo "2525"]

1.e4 c5 2.Nf3 d6 3.d4 cxd4 4.Nxd4 Nf6 5.Nc3 a6 6.Be3 e6 7.Be2 Qc7 8.a4 Nc6
9.O-O Be7 10.f4 O-O 11.Kh1 Re8 12.Bg1 Bd7 13.Nb3 b6 14.Bf3 Bc8 15.e5 dxe5
16.fxe5 Nd7 17.Bxc6 Qxc6 18.Nd4 Qb7 19.Qh5 Rf8 20.Rf3 Qc7 21.Rh3 h6 22.Nd5 exd5
23.Nf5 Nxe5 24.Rc3 Bc5 25.b4 g6 26.Nxh6+ Kh7 27.Qe2 Kxh6 28.bxc5 f6 29.Qd2+ Kg7
30.cxb6 Qd8 31.Bd4 Bf5 32.Qf4 Nc4 33.Rg3 Kf7 34.Rb1 Qd6 35.Qf2 Qc6 36.Rf3 Rab8
37.Kg1 Kg8 38.Rg3 Be4 39.Rh3 g5 40.Rf1 Rxb6 41.Qg3 Rb7 42.Rh6 Qd6 43.Qf2 Rff7
44.h4 Qf4 45.hxg5 Qxg5 46.Rh3 Rg7 47.Rh2 Ne5  0-1

[Event "Helsinki op"]
[Site "Helsinki"]
[Date "1992.??.??"]
[Round "7"]
[White "Ye Jiangchuan"]
[Black "Gufeld, Eduard"]
[Result "1/2-1/2"]
[WhiteElo "2545"]
[BlackElo "2485"]

1.e4 c5 2.Nf3 d6 3.d4 cxd4 4.Nxd4 Nf6 5.Nc3 Nc6 6.Bg5 Qb6 7.Nb3 e6 8.Qd2 a6
9.O-O-O Be7 10.f4 O-O 11.Bxf6 Bxf6 12.Qxd6 Bxc3 13.bxc3 Rd8 14.Qc5 Rxd1+
15.Kxd1 Qc7 16.e5 b6 17.Qc4 Bb7 18.Bd3 Qe7 19.h4 Na5 20.Qb4 Qc7 21.Rg1 Bd5
22.Kc1 Rd8 23.Rd1 g6 24.g3 Nxb3+ 25.axb3 a5 26.Qb5 Qxc3 27.Qxb6 Rc8 28.Kb1 a4
29.bxa4 Qa3 30.c4 Qxa4 31.Rd2 Ra8 32.cxd5 Qa1+ 33.Kc2 Ra2+ 34.Kb3 Ra3+  1/2-1/2

[Event "Manila ol (Men)"]
[Site "Manila"]
[Date "1992.??.??"]
[Round "?"]
[White "Godena, Michele"]
[Black "Ye Jiangchuan"]
[Result "0-1"]
[WhiteElo "2425"]
[BlackElo "2545"]

1.e4 c5 2.Nc3 Nc6 3.g3 g6 4.Bg2 Bg7 5.d3 d6 6.f4 Rb8 7.Nf3 b5 8.O-O b4 9.Nd5 e6
10.Ne3 Nge7 11.Kh1 O-O 12.Qe1 f5 13.Rf2 Nd4 14.a3 b3 15.c3 Nxf3 16.Bxf3 d5
17.e5 Ba6 18.Be2 Bb7 19.Kg1 Qc7 20.Bd2 Rfd8 21.d4 Nc6 22.Rd1 Qb6 23.dxc5 Qxc5
24.Bf3 Bf8 25.Nf1 d4 26.cxd4 Nxd4 27.Bxb7 Rxb7 28.Be3 Rbd7 29.Bxd4 Rxd4 30.Rxd4 Qxd4
31.Kg2 Rc8 32.Qe3 Bc5 33.Re2 Qa4 34.Qf3 Bf8 35.Kh3 Rc1 36.Ne3 Qd4 37.Ng2 Qc4
38.Re3 Rf1 39.Qe2 Qxe2 40.Rxe2 Rb1 41.Ne1 Bc5 42.Nf3 Rc1 43.Rd2 Rc2 44.Rd8+ Kf7
45.Ng5+ Ke7 46.Rb8 Rxb2 47.Rb7+ Ke8 48.Nxe6 Bb6 49.Kh4 h6 50.g4 Rxh2+ 51.Kg3 b2
52.Ng7+ Kd8 53.e6 Re2 54.Rd7+ Kc8 55.Rd1 Bd4 56.Rxd4 b1=Q 57.Rc4+ Kd8 58.Rd4+  0-1

[Event "Manila ol (Men)"]
[Site "Manila"]
[Date "1992.??.??"]
[Round "?"]
[White "Gurevich, Mikhail"]
[Black "Ye Jiangchuan"]
[Result "1-0"]
[WhiteElo "2635"]
[BlackElo "2545"]

1.d4 Nf6 2.c4 g6 3.Nc3 Bg7 4.e4 d6 5.Nf3 O-O 6.Be2 e5 7.O-O Nc6 8.d5 Ne7
9.Nd2 a5 10.a3 Nd7 11.Rb1 f5 12.b4 Kh8 13.Qc2 Ng8 14.f3 Ngf6 15.Bd3 f4 16.Nb5 b6
17.Bb2 Ne8 18.Be2 g5 19.g4 h5 20.h3 Rf7 21.Nb3 a4 22.Nc1 Bf6 23.Nd3 Rh7 24.Kg2 Nf8
25.c5 Ng6 26.Rh1 Bd7 27.c6 Bc8 28.Nc3 Be7 29.Rbg1 Nf6 30.Nf2 Kg7 31.Kf1 Nh4
32.Nxa4 Ba6 33.Bxa6 Rxa6 34.Ke2 Ra8 35.Nc3 Kf7 36.Nb5 Bf8 37.Qc4 Qe7 38.Bc3 Ng6
39.Ra1 Bg7 40.a4 hxg4 41.hxg4 Rxh1 42.Nxh1 Rh8 43.Nf2 Rh2 44.Be1 Qd8 45.a5 bxa5
46.bxa5 Qc8 47.a6 Nxg4 48.fxg4 Qxg4+ 49.Kd2 Qf3 50.Ra3 Rxf2+ 51.Bxf2 Qxf2+
52.Qe2 Qg1 53.a7 g4 54.a8=Q Bh6 55.Kc2 f3 56.Rxf3+ gxf3 57.Qxf3+ Kg7  1-0

[Event "Manila ol (Men)"]
[Site "Manila"]
[Date "1992.??.??"]
[Round "?"]
[White "Ye Jiangchuan"]
[Black "Zapata, Alonso"]
[Result "1/2-1/2"]
[WhiteElo "2545"]
[BlackElo "2515"]

1.e4 c5 2.Nf3 e6 3.d4 cxd4 4.Nxd4 a6 5.Nc3 Qc7 6.g3 Bb4 7.Ne2 Be7 8.a4 Nf6
9.Bg2 Nc6 10.O-O O-O 11.h3 Rb8 12.g4 d6 13.Ng3 b5 14.axb5 axb5 15.g5 Nd7
16.f4 Re8 17.Kh1 Bf8 18.f5 Nce5 19.Nce2 g6 20.Nd4 Bg7 21.h4 Nc5 22.h5 b4
23.f6 Bf8 24.b3 d5 25.exd5 exd5 26.Bf4 Bd6 27.hxg6 hxg6 28.Qe2 Bg4 29.Qd2 Nf3
30.Bxd6 Qxd6 31.Bxf3 Qxg3 32.Qh2 Bxf3+ 33.Rxf3 Re1+ 34.Rf1 Rxf1+ 35.Rxf1 Qxh2+
36.Kxh2 Re8 37.Ra1 Ne4 38.Nc6 Nxg5 39.Ne7+ Kh8 40.Ra4 Rd8 41.Rxb4 d4 42.Rb6 Kh7
43.b4 Ne4 44.b5 Rd7 45.Nc6 Nxf6 46.Ne5 Re7 47.Rxf6 Rxe5 48.Rxf7+  1/2-1/2

[Event "Manila ol (Men)"]
[Site "Manila"]
[Date "1992.??.??"]
[Round "?"]
[White "Ye Jiangchuan"]
[Black "Asanov, Bolat"]
[Result "1/2-1/2"]
[WhiteElo "2545"]
[BlackElo "2405"]

1.e4 d6 2.d4 g6 3.Nc3 Bg7 4.Be3 a6 5.h4 h5 6.Qd2 b5 7.f3 Nd7 8.a4 b4 9.Nd1 Rb8
10.a5 c5 11.c3 Qc7 12.Nh3 e6 13.Bf4 e5 14.dxe5 Nxe5 15.Ne3 bxc3 16.bxc3 Ne7
17.Nc4 O-O 18.Nxe5 dxe5 19.Be3 Rd8 20.Qa2 Be6 21.Bc4 Bxc4 22.Qxc4 Rb5 23.O-O  1/2-1/2

[Event "Manila ol (Men)"]
[Site "Manila"]
[Date "1992.??.??"]
[Round "?"]
[White "Schinis, Mario"]
[Black "Ye Jiangchuan"]
[Result "1/2-1/2"]
[WhiteElo "2210"]
[BlackElo "2545"]

1.d4 Nf6 2.Nf3 g6 3.Bf4 d6 4.e3 c5 5.c3 Nbd7 6.Be2 Bg7 7.h3 O-O 8.O-O b6
9.Nbd2 Bb7 10.a4 a6 11.b4 Nd5 12.Qb3 Nxf4 13.exf4 Qc7 14.Rab1 cxd4 15.cxd4 Rac8
16.Rbc1 Qxc1 17.Rxc1 Rxc1+ 18.Kh2 Nf6 19.Bc4 d5 20.Bd3 Rfc8 21.Ne5 Bh6 22.g3 e6
23.Qb2 R1c7  1/2-1/2

[Event "Shenzhen"]
[Site "Shenzhen"]
[Date "1992.??.??"]
[Round "1"]
[White "Lputian, Smbat G"]
[Black "Ye Jiangchuan"]
[Result "0-1"]
[WhiteElo "2585"]
[BlackElo "2545"]

1.d4 Nf6 2.c4 g6 3.Nc3 Bg7 4.e4 d6 5.Be2 O-O 6.Nf3 e5 7.O-O Nc6 8.d5 Ne7
9.Nd2 a5 10.a3 Nd7 11.Rb1 f5 12.b4 Kh8 13.Qc2 Ng8 14.f3 Ngf6 15.Bd3 f4 16.Na4 axb4
17.axb4 g5 18.c5 g4 19.fxg4 Nxg4 20.Nf3 Bh6 21.c6 Ndf6 22.b5 b6 23.Nb2 Ne3
24.Bxe3 fxe3 25.Rbe1 Rg8 26.Kh1 Ng4 27.Nd1 Qe8 28.g3 Ra3 29.Re2 Rf8 30.Rg2 Nf2+
31.Nxf2 Rxf3 32.Nd1 Qf8 33.Rxf3 Qxf3 34.Be2 Qf6 35.g4 Qh4 36.Qb2 Ra4 37.Nc3 Ra8
38.Qc1 Bf4 39.Bf3 h5 40.Qg1 Qh3 41.Be2 Bxg4 42.Bxg4 hxg4 43.Ne2 Qf3 44.Qe1 Bg5
45.Kg1 Ra2 46.Qd1 Rd2 47.Qe1 Kh7 48.Kh1 Kg7 49.Kg1 Bh4  0-1

[Event "Shenzhen"]
[Site "Shenzhen"]
[Date "1992.??.??"]
[Round "4"]
[White "Lin Weiguo"]
[Black "Ye Jiangchuan"]
[Result "1-0"]
[WhiteElo "2495"]
[BlackElo "2545"]

1.d4 Nf6 2.c4 g6 3.Nc3 Bg7 4.e4 d6 5.f3 O-O 6.Bg5 Nc6 7.Nge2 a6 8.Qd2 Rb8
9.h4 h5 10.Nd5 b5 11.Nxf6+ exf6 12.Bh6 bxc4 13.Bxg7 Kxg7 14.Nc3 Na5 15.O-O-O c6
16.Qf4 Rb4 17.g4 Rh8 18.Be2 d5 19.Qd2 hxg4 20.h5 gxf3 21.Bxf3 dxe4 22.Nxe4 c3
23.bxc3 Rb5 24.hxg6 Qe7 25.Qf4 Qa3+ 26.Kc2 Rf5 27.Qg3 Qxa2+ 28.Kd3 Rxf3+
29.Qxf3 f5 30.Nd6 Rxh1 31.Rxh1 fxg6 32.Qh3 Be6 33.Qh8+  1-0

[Event "Shenzhen"]
[Site "Shenzhen"]
[Date "1992.??.??"]
[Round "6"]
[White "Xie Jun"]
[Black "Ye Jiangchuan"]
[Result "1/2-1/2"]
[WhiteElo "2480"]
[BlackElo "2545"]

1.e4 g6 2.d4 Bg7 3.Nc3 d6 4.Be3 a6 5.a4 b6 6.Bc4 Bb7 7.Nf3 e6 8.O-O Nf6 9.Bd3 O-O
10.Qd2 Nbd7 11.Bh6 e5 12.Rfe1 exd4 13.Nxd4 Nc5 14.Bxg7 Kxg7 15.f3  1/2-1/2

[Event "Shenzhen"]
[Site "Shenzhen"]
[Date "1992.??.??"]
[Round "7"]
[White "Ye Jiangchuan"]
[Black "Antonio, Rogelio Jr"]
[Result "1-0"]
[WhiteElo "2545"]
[BlackElo "2520"]

1.e4 d6 2.d4 Nf6 3.Nc3 g6 4.Be3 c6 5.Qd2 b5 6.Bd3 Nbd7 7.Nf3 Ng4 8.Bg5 b4
9.Ne2 Qb6 10.h3 Ngf6 11.O-O Bg7 12.Bh6 O-O 13.Bxg7 Kxg7 14.a3 bxa3 15.Rxa3 e5
16.dxe5 Nxe5 17.Nxe5 dxe5 18.Qc3 Re8 19.Rfa1 Re7 20.Ra5 Qc7 21.Ng3 Ne8 22.Nf1 f6
23.Ne3 Qb7 24.Ba6 Qd7 25.Rd1 Qc7 26.Bxc8 Qxc8 27.Qc5 Rb7 28.Ra6 Rc7 29.Rxc6 Rxc6
30.Qe7+ Kg8 31.Ng4 Ng7 32.Nh6+ Kh8 33.Rd8+ Qxd8 34.Nf7+ Kg8 35.Nxd8 Rcc8
36.Qf7+  1-0

[Event "Shenzhen"]
[Site "Shenzhen"]
[Date "1992.??.??"]
[Round "8"]
[White "Liang Jinrong"]
[Black "Ye Jiangchuan"]
[Result "1-0"]
[WhiteElo "2480"]
[BlackElo "2545"]

1.e4 d6 2.d4 Nf6 3.Nc3 g6 4.f4 Bg7 5.Nf3 O-O 6.Bd3 Na6 7.O-O c5 8.d5 Rb8
9.Qe1 Nc7 10.a4 a6 11.a5 Bg4 12.Qh4 Bxf3 13.Rxf3 e6 14.dxe6 Nxe6 15.Be3 Nd7
16.Qxd8 Rfxd8 17.Ra2 Bxc3 18.bxc3 Nc7 19.Bf2 Re8 20.Re3 Kg7 21.Re1 b5 22.axb6 Rxb6
23.Kf1 h6 24.g3 Reb8 25.Rea1 Ra8 26.Ke2 Kf6 27.Ra5 Ke7 28.e5 dxe5 29.Bxc5+ Nxc5
30.Rxc5 Kd6 31.Rxe5 Nd5 32.c4  1-0